000 00325nam a2200133Ia 4500
005 20251222153539.0
008 251222s9999||||xx |||||||||||||| ||spa||
020 _a9788047013
082 _a342.861/P41
245 0 _aConstitución Política de Colombia
250 _a1ra.ed.
264 _bEl Pensador Editores
942 _cLIB
999 _c30380
_d30380